<?xml version="1.0" encoding="UTF-8"?>
<collection xmlns="http://www.loc.gov/MARC21/slim">
 <record>
  <leader>00440nam a22001215a 4500</leader>
  <controlfield tag="001">EEA.libagro002964</controlfield>
  <controlfield tag="005">20190715123633.0</controlfield>
  <controlfield tag="008">130809s1980####ag############000#0#spa#d</controlfield>
  <datafield tag="082" ind1="0" ind2="4">
   <subfield code="a">378.0071</subfield>
  </datafield>
  <datafield tag="245" ind1="1" ind2="0">
   <subfield code="a">Catálogo de cursos internacionales 1980/81 /</subfield>
   <subfield code="c">Fundación José María Aragón.</subfield>
  </datafield>
  <datafield tag="260" ind1=" " ind2=" ">
   <subfield code="a">Buenos Aires :</subfield>
   <subfield code="b">Consejo Federal de Inversiones,</subfield>
   <subfield code="c">1980.</subfield>
  </datafield>
  <datafield tag="300" ind1=" " ind2=" ">
   <subfield code="a">314 p. ;</subfield>
   <subfield code="c">27 cm.</subfield>
  </datafield>
  <datafield tag="859" ind1=" " ind2=" ">
   <subfield code="a">AR-BbBCA</subfield>
   <subfield code="b">BIB. AGRONOMIA</subfield>
   <subfield code="h">R378.0071</subfield>
   <subfield code="i">F981 1980/81</subfield>
   <subfield code="p">1981/0016</subfield>
  </datafield>
 </record>
</collection>
